000 00991cab a22002055a 4500
001 L138477
008 070612e20070608xxkd f s 000 0 eng d
035 _a(Sirsi) u138477
041 0 _aeng
100 1 _aFordham, Peter
245 0 0 _aCost update
260 _c2007
490 0 _aBuilding
_v272(8483) 8 June 2007, 64-66(3)
520 _aDetails of Davis Langdon's quarterly analysis of construction materials and labour prices. Reports that construction materials prices continue to increase strongly, while mechanical and electrical prices ease, although this slowdown is unlikely to last. World steel prices have been rising since the start of 2006, with prices in Europe up by 50% over the past 16 months. In terms of wage awards, most workers are likely to get 3.5-4.5% rises.
590 _aKA
650 2 4 _aDAVIS LANGDON QUARTERLY ANALYSIS OF CONSTRUCTION MATERIALS AND LABOUR PRICES
651 4 _aUnited Kingdom
_y
690 _aBUILT ENVIRONMENT-BUILDING COSTS
942 _n0
999 _c78882
_d78882